000 00455nam a2200205Ia 4500
001 095140
003 YMCAF
005 20230512161948.0
008 100717s2008 ||||||||||||||||| ||und|d
024 _a95140
035 _a34598
040 _aYMCAF
_beng
_cIN-KoLT
041 _aeng
082 _a006.32
_bKUM
100 _aKumar, Satish
245 0 _aNeural networks:a classroom approach
260 _bTMH
_c2008
300 _a736
942 _2ddc
_cBK
999 _c10024
_d10024